00908nam a2200193 a 450000100100000000500170001000800410002704000250006824501510009324601180024426000390036230000270040149000320042870000470046071000460050783000390055395201050059299900170069700004322320201002040733.0140226s2010 dr 000 0 spa d aDO-SdBNPbspacBNPHU00aIV Acuerdo general sobre aranceles y comercio (GATT 47), la Organización Mundial de Comercio y el GATT 94 /cMiguel Antonio Rodríguez Cabrera.13aCuarto acuerdo general sobre aranceles y comercio (GATT 47), la Organización Mundial de Comercio y el GATT 94 / aSanto Domingo :bUNICARIBE,c2010. a28 p. :bil. ;c24 cm.1 aCuadernos diplomáticosv412aRodríguez Cabrera, Miguel Antonio9548762 aUniversidad del Caribe (UNICARIBE)959912 0aCuadernos diplomáticosv4970813 0010718PDaPDbPDcHDd2014-02-26iLF1l0o p43223-10r2020-06-25w2020-06-25yLFPDZNo se presta c42712d42712